Detalles MARC
| 000 -LEADER |
| fixed length control field |
01826nam a2200409 a 4500 |
| 005 - FECHA ULTIMA MODIFICACION |
| control field |
20240516110336.0 |
| 008 - CAMPO DE CONTROL (LIBRO) |
| fixed length control field |
100810s2004||||us a f |||| 001 0 spa d |
| 020 ## - INTERNATIONAL STANDARD BOOK NUMBER |
| ISBN |
1880696193 |
| 041 ## - CODIGO DE IDIOMA |
| Código de idioma del texto/pista de sonido o título separado |
spa |
| 092 ## - SIGNATURA TOPOGRAFICA DEWEY LOCAL |
| número de clasificación |
617.1 |
| libristica |
13 |
| sección |
COM |
| 110 1# - ENTRADA PRINCIPAL-AUTOR CORPORATIVO |
| Nombre de la institución, jurisdicción como entrada principal |
Comité de Trauma del Colegio Americano de Cirujanos. |
| 9 (RLIN) |
1874 |
| 245 ## - TITULO PROPIAMENTE DICHO |
| Título |
ATLS Programa Avanzado de Apoyo Vital en Trauma para Médicos. |
| Subtítulo y Título paralelo |
Manual del curso / |
| Mención de responsabilidad y remanente de la transcripción de la portada |
Comite de Trauma del Colegio Americano de Cirujanos |
| 250 ## - MENCION DE EDICION |
| Mención de edición |
7a ed. en español, de la 7a ed. en inglés |
| Mención de responsabilidad relacionada con la ed. |
Traducción Guillermo Arana |
| 260 ## - PIE DE IMPRENTA |
| Lugar de publicación, distribución, etc |
Argentina: |
| Nombre de la editorial, distribuidor, etc |
Prensa Médica Argentina; |
| Fecha de publicación |
2005. |
| 300 ## - DESCRIPCION FISICA |
| Extension |
407 p. |
| 500 ## - NOTA GENERAL |
| Nota general |
Comité de Trauma del Colegio Americano de Cirujanos. (2005). ATLS. Programa Avanzado de Apoyo Vital en Trauma para Médicos. Manual del curso. (7a ed.). Argentina : Prensa Médica Argentina. |
| 653 ## - TÉRMINO INDIZADO - PALABRAS CLAVES |
| Palabra clave |
Evaluación y tratamientos iniciales |
| 653 ## - TÉRMINO INDIZADO - PALABRAS CLAVES |
| Palabra clave |
Manejo de la vía aérea y la ventilación |
| 653 ## - TÉRMINO INDIZADO - PALABRAS CLAVES |
| Palabra clave |
Choque |
| 653 ## - TÉRMINO INDIZADO - PALABRAS CLAVES |
| Palabra clave |
Trauma torácico |
| 653 ## - TÉRMINO INDIZADO - PALABRAS CLAVES |
| Palabra clave |
Trauma abdominal |
| 653 ## - TÉRMINO INDIZADO - PALABRAS CLAVES |
| Palabra clave |
Trauma craneoencefálico |
| 653 ## - TÉRMINO INDIZADO - PALABRAS CLAVES |
| Palabra clave |
Trauma de la columna vertebral y medula espinal |
| 653 ## - TÉRMINO INDIZADO - PALABRAS CLAVES |
| Palabra clave |
Trauma musculoesquelético |
| 653 ## - TÉRMINO INDIZADO - PALABRAS CLAVES |
| Palabra clave |
Lesiones por quemaduras y por exposición al frio |
| 653 ## - TÉRMINO INDIZADO - PALABRAS CLAVES |
| Palabra clave |
Extremos de la edad |
| 653 ## - TÉRMINO INDIZADO - PALABRAS CLAVES |
| Palabra clave |
Trauma en la mujer |
| 653 ## - TÉRMINO INDIZADO - PALABRAS CLAVES |
| Palabra clave |
Traslado para cuidados definitivos |
| 653 ## - TÉRMINO INDIZADO - PALABRAS CLAVES |
| Palabra clave |
Apéndice: Prevención de lesiones |
| 653 ## - TÉRMINO INDIZADO - PALABRAS CLAVES |
| Palabra clave |
Apéndice: Biomecánica de las lesiones |
| 653 ## - TÉRMINO INDIZADO - PALABRAS CLAVES |
| Palabra clave |
Apéndice: Inmunización para la prevención del Tétanos |
| 653 ## - TÉRMINO INDIZADO - PALABRAS CLAVES |
| Palabra clave |
Apéndice: Clasificaciones de trauma revisada y pediátrica |
| 653 ## - TÉRMINO INDIZADO - PALABRAS CLAVES |
| Palabra clave |
Apéndice: Muestra de la hoja de flujo de trauma |
| 653 ## - TÉRMINO INDIZADO - PALABRAS CLAVES |
| Palabra clave |
Apéndice: Trauma ocular |
| 653 ## - TÉRMINO INDIZADO - PALABRAS CLAVES |
| Palabra clave |
Apéndice: Cuidado de lesiones en ambientes austeros y hostiles |
| 942 ## - ADDED ENTRY ELEMENTS (KOHA) |
| Source of classification or shelving scheme |
Dewey Decimal Classification |
| Item type |
Libros |